00000000nam##2200000za#4500
0019.615683
003CaOODSP
00520211126112847
007ta
008150406|2001||||xxc|||||     f|0| 0 eng|d
022 |a1192-5434
040 |aCaOODSP|beng
043 |an-cn---
0861 |aFB3-2/101-10E
1102 |aBank of Canada.
24514|aThe future prospects for national financial markets and trading centres / |cby Charles Gaa et al.
260 |aOttawa - Ontario : |bBank of Canada |c2001.
300 |avii, 36p. : |bfigs., references, tables ; |c28 cm.
4901 |aWorking paper|x1192-5434|v2001-10
500 |a"This paper investigates the effects of the continuation of globalization and technological developments on the future of national-level financial markets and trading centres, particularly in smaller countries such as Canada"--Abstract.
5203 |aThis paper investigates the effects of the continuation of globalization and technological developments on the future of national-level financial markets and trading centres, particularly in smaller countries such as Canada--Abstract
546 |aRésumés en français
563 |aSoftcover
590 |a01-27|b2001-07-06
69007|aStock markets|2gcpds
69007|aEconomic trends|2gcpds
7201 |aGaa, Charles
7760#|tThe future prospects for national financial markets and trading centres / |w(CaOODSP)9.571565
830#0|aWorking paper,|x1192-5434|v2001-10|w(CaOODSP)9.514622